Περιήγηση στην παλιά Λέσβο

Saved in:
Bibliographic Details
Main Author: Μολίνος, Στρατής Αλ., 1940-
Format: Book
Language:Greek
Published: Μυτιλήνη : Πετράς, 2000.
Subjects:
Tags: Add Tag
No Tags, Be the first to tag this record!

MARC

LEADER 00000cam a2200000 i 4500
001 1/23186
008 011112s2000 gre d
035 |l 10067616 
040 |a GR-MY-UA  |b gre  |e aacr 
041 0 |a gre 
082 0 |a 938.974 
100 1 |a Μολίνος, Στρατής Αλ.,   |d 1940- 
245 1 0 |a Περιήγηση στην παλιά Λέσβο   |h [ανάτυπο] /   |c Στρατής Αλ. Μολίνος.  
260 |a Μυτιλήνη :   |b Πετράς,   |c 2000.  
300 |a 20 σ. :   |b εικ. ;   |c 24 εκ.  
500 |a Δελτίον" της Λεσβιακής Παροικίας, Μαΐου-Ιουνίου-Ιουλίου 1997.  
650 0 0 |a Archaeology  |z Greece  |z Lesbos Island. 
651 0 |a Lesbos Island (Greece)  |x History. 
852 |a INST  |b LESVOS  |e 20011112  |h 938.974 ΜΟΛ  |p 005100025126  |q 005100025126  |t BK  |y 0 
901 |a BIBL1-2002-3 
909 |a Λ  |b 099033 
922 |a 1ΕΛΗ  |b 200111  |c ΤΑΚ/ΚΥΒ  |d ΠΕΤΡΑΣ 
950 |a 023-2001-11-02 
970 |a ΚΑΜΑΤΣΟΥ  |b ΔΕΣΠΟΙΝΑ  |z 2002/09/16